000 00507nam a2200181 a 4500
005 20210219152800.0
008 991125s1988 gre 000 0 eng u
022 _a0898-5898
035 _aUPN01000060995
245 0 0 _aLINGUISTICS AND EDUCATION :
_bAN INTERNATIONAL RESEARCH JOURNAL
260 _aEUA
_bAblex Publishing Corporation,
_c1988
310 _aTrimestral
653 0 _aEDUCACION FORMAL
653 0 _aPROCESO EDUCATIVO
653 0 _aLINGUISTICA
905 _aRevista
999 _c60682
_d60682